00648nam a22002051 450000100060000000300080000600500170001400800390003102000150007003500190008504000230010404100080012708200260013510000280016124500780018926000460026730000430031350400510035665000350040726519BD-RjUL20211209051028.0140322t1970 enkac b 001 0 eng a0195600053 a(BD-RjUL)26589 aDLCcDLCdDLCbeng aeng00a954.0350924bBOU 19701 aBonarjee, N. B.,d1901-10aUnder two masters /c[by] N.B. Bonarjee. With a foreword by Philip Mason. aLondon :bOxford University Press,c1970. axv, 317 p. :billus., ports. ;c23 cm. aIncludes bibliographical references and index.1 a Bonarjee, N. B., -- 1901-